Tilastot visalle Sanat: "Lumi teki enkelin eteiseen" - Hector

Klikkaa tästä pelataksesi tätä visaa!

Yleistilastot

  • Tätä visaa on pelattu 298 kertaa
  • Keskiarvotulos 108 / 149

Vastaustilastot

Sanat% Oikein
Isä
98%
isä
98%
Äiti
97%
äiti
97%
eteiseen
97%
juodakseen
97%
kahvia
97%
pappi
97%
ja
96%
Ja
96%
oli
96%
sai
96%
Lumi
95%
kuin
94%
Kuinka
94%
kuinka
94%
teki
94%
enkelin
93%
kännissä,
93%
mustaa
90%
kuinkas
88%
muutenkaan
88%
vesi
87%
Vesi
87%
jo
84%
veli
83%
pappikin
80%
kulki
77%
Ruotsiin
77%
Ruotsiin,
77%
mustissaa
75%
sillalta
73%
on
72%
taas
72%
taivaaseen
72%
lensi
71%
Tyttö
71%
sen
70%
kai
67%
näin
67%
itkeneen
65%
jossakin
65%
lähti
65%
näki
65%
tuo
65%
katsoi
64%
meni
64%
runoja
64%
rustaa?
64%
sekaisin
64%
alhaalla
63%
Miksi
61%
päästänsä
60%
aikakin
58%
kysyi:
56%
Joku
55%
kukkia
55%
silloin
55%
Lapsi
54%
taakseen
53%
itki
52%
Minä
52%
kantoi
51%
sitten
51%
maakseen?
50%
omaksi
50%
onneton
50%
pois
50%
tuntisi
49%
vuotta
49%
Että
47%
hetken
47%
lämmin
47%
ois
47%
tämän
47%
viis
47%
edes
46%
ikkunaan
46%
soi
46%
äitikin
45%
nukkui
45%
pahvisuojan
45%
Kiitos
41%
Luojan
41%
kaupungin
40%
Sunnuntaina
40%
toiset
40%
Toiset
40%
palkka
39%
Radiossa
39%
Toisilla
39%
huokaus
37%
kuuhun
37%
lähtee
37%
laulettiin:
37%
vaan
37%
pienempi
35%
panin
34%
Villinä
30%

Tulosjakauma

Persentiili vastausten määrän mukaan

Jokaisen tuloksen saaneiden osuus

Tuloshistoriasi

Et ole pelannut tätä visaa